A short history of Confucian philosophy / (Record no. 123063)
[ view plain ]
| 000 -LEADER | |
|---|---|
| fixed length control field | 00902cam a2200301Ia 4500 |
| 001 - CONTROL NUMBER | |
| control field | 4721695 |
| 003 - CONTROL NUMBER IDENTIFIER | |
| control field | ARRUPE |
| 005 - DATE AND TIME OF LATEST TRANSACTION | |
| control field | 20150818133022.0 |
| 008 - FIXED-LENGTH DATA ELEMENTS--GENERAL INFORMATION | |
| fixed length control field | 981105s1955 xxk 000 0 eng d |
| 010 ## - LIBRARY OF CONGRESS CONTROL NUMBER | |
| LC control number | a 56002312 |
| 035 ## - SYSTEM CONTROL NUMBER | |
| System control number | (OCoLC)ocm40247138 |
| 035 ## - SYSTEM CONTROL NUMBER | |
| System control number | (NNC)4721695 |
| 040 ## - CATALOGING SOURCE | |
| Original cataloging agency | DQ$ |
| Transcribing agency | DQ$ |
| Modifying agency | HEI |
| -- | UKM |
| -- | UBA |
| -- | EL$ |
| -- | OCL |
| -- | OCLCQ |
| 043 ## - GEOGRAPHIC AREA CODE | |
| Geographic area code | a-cc--- |
| 098 ## - OTHER CLASSIFICATION SCHEMES (OCLC) | |
| Call number based on other classification scheme | Cd6 |
| 300 ## - PHYSICAL DESCRIPTION | |
| Dimensions | 18 cm. |
| 100 1# - MAIN ENTRY--PERSONAL NAME | |
| Personal name | Liu, Wuji, |
| Dates associated with a name | 1907-2002. |
| 9 (RLIN) | 18618 |
| 245 12 - TITLE STATEMENT | |
| Title | A short history of Confucian philosophy / |
| Statement of responsibility, etc | Liu Wu-Chi. |
| 260 ## - PUBLICATION, DISTRIBUTION, ETC. (IMPRINT) | |
| Place of publication, distribution, etc | Harmondsworth : |
| Name of publisher, distributor, etc | Penguin Books, |
| Date of publication, distribution, etc | 1955. |
| 300 ## - PHYSICAL DESCRIPTION | |
| Extent | 229 p. ; |
| 490 1# - SERIES STATEMENT | |
| Series statement | Pelican books ; |
| Volume number/sequential designation | A333 |
| 504 ## - BIBLIOGRAPHY, ETC. NOTE | |
| Bibliography, etc | Bibliografía : p. 209-219. |
| 650 #0 - SUBJECT ADDED ENTRY--TOPICAL TERM | |
| Topical term or geographic name as entry element | Philosophy, Confucian. |
| 9 (RLIN) | 18619 |
| 650 #7 - SUBJECT ADDED ENTRY--TOPICAL TERM | |
| Topical term or geographic name as entry element | Filosofia Oriental |
| Source of heading or term | larpcal |
| 9 (RLIN) | 18620 |
| 650 #4 - SUBJECT ADDED ENTRY--TOPICAL TERM | |
| Topical term or geographic name as entry element | Confucio y confucianismo. |
| 9 (RLIN) | 18621 |
| 830 #0 - SERIES ADDED ENTRY--UNIFORM TITLE | |
| Uniform title | Pelican books ; |
| Volume number/sequential designation | A333. |
| 9 (RLIN) | 18622 |
| 942 ## - ADDED ENTRY ELEMENTS (KOHA) | |
| Source of classification or shelving scheme | Library of Congress Classification |
| Koha item type | Monograph ( Printed materials) |
| Withdrawn status | Lost status | Source of classification or shelving scheme | Damaged status | Not for loan | Collection code | Home library | Current library | Shelving location | Date acquired | Total Checkouts | Full call number | Barcode | Date last seen | Date checked out | Price effective from | Koha item type |
|---|---|---|---|---|---|---|---|---|---|---|---|---|---|---|---|---|
| Library of Congress Classification | Main Collection | ARRUPE LIBRARY | ARRUPE LIBRARY | Main Collection | 18/08/2015 | 4 | B128.L783 | 46004004724 | 11/10/2017 | 05/10/2017 | 18/08/2015 | Monograph ( Printed materials) |